La lucha anticorrupción en Colombia : (Registro nro. 5924)
[ vista simple ]
| 000 -LEADER | |
|---|---|
| fixed length control field | 01226nam a2200265Ia 4500 |
| 003 - CONTROL NUMBER IDENTIFIER | |
| control field | OSt |
| 005 - DATE AND TIME OF LATEST TRANSACTION | |
| control field | 20200827220302.0 |
| 008 - FIXED-LENGTH DATA ELEMENTS--GENERAL INFORMATION | |
| fixed length control field | 191128s2005 ck ad fr 000 0 spa d |
| 020 ## - INTERNATIONAL STANDARD BOOK NUMBER | |
| International Standard Book Number | 9589351530 |
| 040 ## - CATALOGING SOURCE | |
| Original cataloging agency | CO-JMCR |
| Transcribing agency | CO-JMCR |
| 041 0# - LANGUAGE CODE | |
| Language code of text/sound track or separate title | spa |
| 082 04 - DEWEY DECIMAL CLASSIFICATION NUMBER | |
| Classification number | 350.994 / |
| Item number | M678l |
| Edition number | 23 |
| 100 1# - MAIN ENTRY--PERSONAL NAME | |
| Personal name | Misas Arango, Gabriel, |
| Relator term | consultor |
| 9 (RLIN) | 9417 |
| 245 13 - TITLE STATEMENT | |
| Title | La lucha anticorrupción en Colombia : |
| Remainder of title | teorías, prácticas y estrategias / |
| Statement of responsibility, etc. | Gabriel Misas Arango, consultor ; Monica Juliana Oviedo Leon y Andrea Franco Correa, investigadoras |
| 250 ## - EDITION STATEMENT | |
| Edition statement | Primera edición |
| 260 ## - PUBLICATION, DISTRIBUTION, ETC. | |
| Place of publication, distribution, etc. | Bogotá : |
| Name of publisher, distributor, etc. | Contraloría General de la República, |
| Date of publication, distribution, etc. | 2005 |
| 300 ## - PHYSICAL DESCRIPTION | |
| Extent | 301 páginas : |
| Other physical details | gráficos a blanco y negro ; |
| Dimensions | 25 cm. |
| 504 ## - BIBLIOGRAPHY, ETC. NOTE | |
| Bibliography, etc. note | Bibliografía : páginas 295-301 |
| 505 0# - FORMATTED CONTENTS NOTE | |
| Formatted contents note | Un marco analítico para entender la corrupción -- La corrupción y la lucha anticorrupción en Colombia -- La misión de la Contraloría General de la República (CGR) y sus instrumentos de acción |
| 650 14 - SUBJECT ADDED ENTRY--TOPICAL TERM | |
| Topical term or geographic name entry element | Lucha contra la corrupción |
| Geographic subdivision | Colombia |
| 9 (RLIN) | 9418 |
| 650 14 - SUBJECT ADDED ENTRY--TOPICAL TERM | |
| Topical term or geographic name entry element | Instrumentos de acción |
| 9 (RLIN) | 9419 |
| 700 1# - ADDED ENTRY--PERSONAL NAME | |
| Personal name | Oviedo León, Mónica Juliana, |
| Relator term | investigadora |
| 9 (RLIN) | 9420 |
| 700 1# - ADDED ENTRY--PERSONAL NAME | |
| Personal name | Franco Correa, Andrea, |
| Relator term | investigadora |
| 9 (RLIN) | 9421 |
| 942 ## - ADDED ENTRY ELEMENTS (KOHA) | |
| Source of classification or shelving scheme | Dewey Decimal Classification |
| Koha item type | Books |
| Withdrawn status | Lost status | Source of classification or shelving scheme | Damaged status | Not for loan | Collection code | Home library | Current library | Date acquired | Source of acquisition | Full call number | Barcode | Date last seen | Copy number | Koha item type |
|---|---|---|---|---|---|---|---|---|---|---|---|---|---|---|
| Dewey Decimal Classification | Non-fiction | Biblioteca Pública José María del Castillo y Rada | Biblioteca Pública José María del Castillo y Rada | 04/15/2018 | Donación | 350.994 / M678l | 430009798 | 05/16/2024 | Ej.1 | Books |